Option theory with stochastic analysis : (Record no. 1274)

MARC details
000 -LEADER
fixed length control field 00829nac a22002051u 4500
010 ## - LIBRARY OF CONGRESS CONTROL NUMBER
LC control number 2003064278
020 ## - INTERNATIONAL STANDARD BOOK NUMBER
International Standard Book Number 354040502X (pbk : alk. paper)
082 00 - DEWEY DECIMAL CLASSIFICATION NUMBER
Classification number 332.645301
Item number B476
090 ## - LOCALLY ASSIGNED LC-TYPE CALL NUMBER (OCLC); LOCAL CALL NUMBER (OCLC)
-- 1274
-- 1274
100 ## - MAIN ENTRY--PERSONAL NAME
Personal name Benth, Fred Espen,
245 10 - TITLE STATEMENT
Title Option theory with stochastic analysis :
Remainder of title an introduction to mathematical finance /
Statement of responsibility, etc Fred Espen Benth.
260 ## - PUBLICATION, DISTRIBUTION, ETC. (IMPRINT)
Place of publication, distribution, etc Berlin ;
-- New York :
Name of publisher, distributor, etc Springer,
Date of publication, distribution, etc c2004.
300 ## - PHYSICAL DESCRIPTION
Extent x, 162 p. :
Other physical details ill. ;
Dimensions 24 cm.
490 0# - Series Statement
Series statement Universitext
504 ## - BIBLIOGRAPHY, ETC. NOTE
Bibliography, etc Includes bibliographical references (p. [157]-162) and index.
650 #0 - SUBJECT ADDED ENTRY--TOPICAL TERM
Topical term or geographic name as entry element Options (Finance)
General subdivision Mathematical models.
650 #0 - SUBJECT ADDED ENTRY--TOPICAL TERM
Topical term or geographic name as entry element Stochastic analysis.
942 ## - ADDED ENTRY ELEMENTS (KOHA)
Item type Book - Borrowing
Call number prefix 332.645301B476
Holdings
Withdrawn status Item status Damaged status Not for loan Home library Current library Shelving location Date acquired Source of acquisition Total Checkouts Full call number Barcode Date last seen Koha item type
        Central Library Central Library First floor 30/08/2006 Purchase   332.645301 BEN 000003201 15/07/2025 Book - Borrowing